Hermeneutica Jurídica: en torno a la hermeneutica de Hans-Georg Gadamer

Saved in:
Bibliografiske detaljer
Hovedforfatter: Osuna Fernández-Largo, Antonio (autor)
Format: Bog
Sprog:spansk
Udgivet: Valladolid Secretaria de Publicaciones, Universidad de Valladolid 1992
Serier:Derecho, 23
Fag:
Tags: Tilføj Tag
Ingen Tags, Vær først til at tagge denne postø!

MARC

LEADER 00000nam a2200000 a 4500
001 UCX8820
003 CL-VaPUC
008 940502e19920000SP |||||||||||||||||spa|d
082 0 4 |a 340.11  |b OSU  |2 21 
100 |a Osuna Fernández-Largo, Antonio  |e autor  |9 433168 
245 1 0 |a Hermeneutica Jurídica: en torno a la hermeneutica de Hans-Georg Gadamer 
300 |a 138 p 
942 |c BK 
945 |d 19940502 00:00:00  |a aalvarez 
260 |a Valladolid  |b Secretaria de Publicaciones, Universidad de Valladolid  |c 1992 
650 0 |a Etica jurídica   |9 255897 
650 7 |a INTERPRETACION DEL DERECHO  |2 CL-VaPUC  |9 326035 
583 |a last modification  |c 19940502 00:00:00  |k Rodrigo Vera 
490 0 |a Derecho, 23 
999 |c 228215  |d 228213 
952 |0 0  |1 0  |4 0  |6 340_110000000000000_OSU_1992  |7 0  |8 DER_TF  |9 228023  |a BIBDER  |b BIBDER  |d 2019-11-15  |i 2971887  |o 340.11 OSU 1992  |p 2971887  |r 2023-01-25  |w 2019-11-15  |x Ubicación 4to Piso  |y BK  |z Estos recursos deben solicitarse con anticipación  |k DER